[Event "Sherbrooke Perpetuelles 26-09"]
[Site "Sherbrooke CAN"]
[Date "2003.09.26"]
[Round "1"]
[White "Lafleur, Sebastien"]
[Black "Morin, Louis2"]
[Result "0-1"]
[WhiteElo "1069"]
[BlackElo "1915"]
[PlyCount "63"]
[EventDate "2003.09.26"]
[EventType "swiss"]
[EventRounds "5"]
[EventCountry "CAN"]
[Source "ChessBase"]
[SourceDate "2007.11.25"]

1. d4 d5 2. c4 e6 3. Bd2 Nc6 4. e3 Nf6 5. Nc3 a6 6. Nf3 Bb4 7. Ne5 Bxc3 8. Nxc6
Bxd2+ 9. Qxd2 bxc6 10. f3 O-O 11. g4 g6 12. h4 h5 13. g5 Ne8 14. c5 f6 15.
O-O-O fxg5 16. Bd3 Qf6 17. hxg5 Qxg5 18. Rdg1 Qe7 19. Bxg6 Ng7 20. Bxh5 e5 21.
Qh2 exd4 22. Bf7+ Kxf7 23. Qh7 Qxe3+ 24. Kb1 Bf5+ 25. Qxf5+ Nxf5 26. Rh7+ Kf6
27. Rhh1 Qxf3 28. Rf1 Qd3+ 29. Ka1 Qc4 30. Rc1 Qd3 31. Rhf1 Rab8 32. Rf2 0-1

[Event "Sherbrooke Perpetuelles 26-09"]
[Site "Sherbrooke CAN"]
[Date "2003.09.26"]
[Round "1"]
[White "Lopez, Jose"]
[Black "Duclos, Alain"]
[Result "1/2-1/2"]
[WhiteElo "1664"]
[BlackElo "1624"]
[PlyCount "103"]
[EventDate "2003.09.26"]
[EventType "swiss"]
[EventRounds "5"]
[EventCountry "CAN"]
[Source "ChessBase"]
[SourceDate "2007.11.25"]

1. e4 c5 2. Nf3 e6 3. d4 cxd4 4. Nxd4 Nf6 5. Nc3 d6 6. Bg5 h6 7. Bh4 Be7 8. Bg3
a6 9. Qd2 d5 10. exd5 Nxd5 11. Nxd5 Qxd5 12. Nb3 Qxd2+ 13. Nxd2 Nc6 14. O-O-O
O-O 15. Nb3 e5 16. Bc4 Bf5 17. a3 b5 18. Bd5 Rac8 19. Bxc6 Rxc6 20. c3 Bg5+ 21.
Nd2 f6 22. h4 Bxd2+ 23. Rxd2 a5 24. Kd1 Rfc8 25. Ke2 b4 26. axb4 axb4 27. cxb4
Rc4 28. Rhd1 Kh7 29. f3 Rxb4 30. Ra1 Rcb8 31. Rad1 Rxb2 32. Rxb2 Rxb2+ 33. Rd2
Rb1 34. Be1 h5 35. Bg3 Kg6 36. Kf2 Rb4 37. Re2 Bd3 38. Rd2 Rb3 39. Ra2 Kf5 40.
Kg1 g5 41. hxg5 Kxg5 42. Kh2 Rb5 43. Bf2 f5 44. Be3+ f4 45. Bf2 e4 46. fxe4
Bxe4 47. Rd2 Rb3 48. Ra2 Kg4 49. Bc5 Rc3 50. Bd6 Rc2 51. Rxc2 Bxc2 52. Bc5
1/2-1/2

[Event "Sherbrooke Perpetuelles 26-09"]
[Site "Sherbrooke CAN"]
[Date "2003.09.26"]
[Round "1"]
[White "Saziouk, Alexandre"]
[Black "Courteau, Bernard"]
[Result "1-0"]
[WhiteElo "1749"]
[BlackElo "1727"]
[PlyCount "51"]
[EventDate "2003.09.26"]
[EventType "swiss"]
[EventRounds "5"]
[EventCountry "CAN"]
[Source "ChessBase"]
[SourceDate "2007.11.25"]

1. d4 Nf6 2. c4 e6 3. Nc3 d5 4. e3 c6 5. Nf3 Bb4 6. Qc2 O-O 7. Bd3 dxc4 8. Bxc4
c5 9. O-O Nc6 10. Rd1 cxd4 11. exd4 Bxc3 12. bxc3 Qc7 13. Bd3 g6 14. g3 b6 15.
Bf4 Qd7 16. Bh6 Rd8 17. Bg5 Kg7 18. Ne5 Qc7 19. Bxf6+ Kxf6 20. Nxc6 Qxc6 21.
Be4 Qc7 22. Bxa8 Ba6 23. Bg2 Rc8 24. Rac1 Bc4 25. Qe4 Qe7 26. Qe5# 1-0

[Event "Sherbrooke Perpetuelles 26-09"]
[Site "Sherbrooke CAN"]
[Date "2003.10.03"]
[Round "2"]
[White "Belanger, Jean Sebastien"]
[Black "Ouellet-Lahaie, Didier"]
[Result "1-0"]
[WhiteElo "1425"]
[BlackElo "1535"]
[PlyCount "95"]
[EventDate "2003.09.26"]
[EventType "swiss"]
[EventRounds "5"]
[EventCountry "CAN"]
[Source "ChessBase"]
[SourceDate "2007.11.25"]

1. g4 d5 2. g5 e5 3. d3 Be6 4. Nf3 Nd7 5. a3 c5 6. e4 d4 7. Be2 Ne7 8. Nbd2 Nc6
9. Nf1 b5 10. Nxe5 Ncxe5 11. f4 c4 12. fxe5 Nxe5 13. h4 Qd7 14. Nh2 Bd6 15. Nf3
Nxf3+ 16. Bxf3 Bg3+ 17. Kf1 O-O 18. Qe2 Rac8 19. Kg2 Be5 20. h5 Rc7 21. Rh4
cxd3 22. cxd3 Rfc8 23. Bd2 Rc2 24. g6 fxg6 25. hxg6 h6 26. b4 Bf6 27. Rhh1 Bg5
28. Rad1 Qe7 29. Kf1 Bxd2 30. Rxd2 Rc1+ 31. Rd1 Qg5 32. Rh5 Qf4 33. Rxc1 Rxc1+
34. Kf2 Bb3 35. Rc5 Qh4+ 36. Kg2 Qh1+ 37. Kg3 Rg1+ 38. Bg2 Kh8 39. Qf3 Rxg2+
40. Qxg2 Qd1 41. Qf3 Qg1+ 42. Qg2 Qe3+ 43. Kh2 Qf4+ 44. Qg3 Qd2+ 45. Kh3 Be6+
46. Kh4 Qd1 47. Qb8+ Bg8 48. Qxg8+ 1-0

[Event "Sherbrooke Perpetuelles 26-09"]
[Site "Sherbrooke CAN"]
[Date "2003.10.03"]
[Round "2"]
[White "Denomme, Michael"]
[Black "Morin, Louis2"]
[Result "1-0"]
[WhiteElo "1247"]
[BlackElo "1915"]
[PlyCount "111"]
[EventDate "2003.09.26"]
[EventType "swiss"]
[EventRounds "5"]
[EventCountry "CAN"]
[Source "ChessBase"]
[SourceDate "2007.11.25"]

1. f3 e6 2. Kf2 Bc5+ 3. d4 Qh4+ 4. g3 Qxd4+ 5. Qxd4 Bxd4+ 6. e3 Bb6 7. b3 Nc6
8. Bb2 f6 9. h4 d5 10. Bb5 Bd7 11. c3 O-O-O 12. a4 Nge7 13. Ne2 Nf5 14. Nd4
Bxd4 15. exd4 e5 16. g4 Nd6 17. Nd2 exd4 18. b4 dxc3 19. Bxc3 d4 20. Bxc6 Bxc6
21. Bxd4 Nc4 22. Nxc4 Rxd4 23. Ne3 Rf4 24. Rh3 Rxb4 25. Nf5 Rb2+ 26. Kg1 Re8
27. Nxg7 Re3 28. Nf5 Rxf3 29. Rd1 Rxf5 30. gxf5 Be4 31. Re3 Rb4 32. a5 b6 33.
axb6 axb6 34. h5 Bxf5 35. Rd5 Rg4+ 36. Kh2 Rh4+ 37. Kg3 Rh3+ 38. Kf4 Rxh5 39.
Rxf5 Rxf5+ 40. Kxf5 Kb7 41. Rh3 c5 42. Rxh7+ Kc6 43. Kxf6 Kb5 44. Ke5 c4 45.
Kd4 Kb4 46. Rc7 b5 47. Rc5 Ka5 48. Kc3 Ka4 49. Rc8 b4+ 50. Kxc4 Ka3 51. Ra8+
Kb2 52. Kxb4 Kc2 53. Rd8 Kb2 54. Rd2+ Kc1 55. Kc3 Kb1 56. Kb3 1-0

[Event "Sherbrooke Perpetuelles 26-09"]
[Site "Sherbrooke CAN"]
[Date "2003.10.03"]
[Round "2"]
[White "Duclos, Alain"]
[Black "Grenier, Jean-Pierre"]
[Result "1-0"]
[WhiteElo "1624"]
[BlackElo "1619"]
[PlyCount "143"]
[EventDate "2003.09.26"]
[EventType "swiss"]
[EventRounds "5"]
[EventCountry "CAN"]
[Source "ChessBase"]
[SourceDate "2007.11.25"]

1. e4 c5 2. Nf3 Nc6 3. d4 cxd4 4. Nxd4 a6 5. Nxc6 bxc6 6. c4 g6 7. Nc3 Bg7 8.
Be2 e6 9. O-O Ne7 10. Be3 Bxc3 11. bxc3 O-O 12. Bh6 f6 13. Bxf8 Kxf8 14. Qd2
Kg7 15. c5 Qa5 16. Qd4 Kf7 17. Qb4 Qc7 18. Rab1 a5 19. Qb6 Qe5 20. Bf3 Qxc3 21.
Rb3 Qe5 22. Ra3 Ra6 23. Qd8 Qxc5 24. Rb3 a4 25. Rb8 Qa5 26. Rxc8 Nxc8 27. Qxc8
Ke7 28. Qg8 Qg5 29. Qxh7+ Kd8 30. Rb1 Kc7 31. Qg8 Rb6 32. Rd1 Rb2 33. a3 Rd2
34. Rf1 Rd3 35. h4 Qxh4 36. Qxg6 Qg5 37. Qxg5 fxg5 38. Ra1 d5 39. Kf1 d4 40.
Ke2 Rc3 41. Kd2 e5 42. Bd1 Rc5 43. Bxa4 Ra5 44. Bd1 Ra8 45. a4 Rf8 46. f3 g4
47. fxg4 Rf2+ 48. Kd3 Rxg2 49. Kc4 Rg3 50. Kb4 Re3 51. a5 Kb7 52. a6+ Ka7 53.
Kc5 Rc3+ 54. Kd6 d3 55. Kxe5 d2 56. Ra2 Rd3 57. g5 c5 58. g6 c4 59. g7 Rg3 60.
Kf6 c3 61. e5 Rg1 62. Bb3 Rf1+ 63. Ke7 Rg1 64. Kf7 Rf1+ 65. Kg8 d1=Q 66. Bxd1
Rxd1 67. Rc2 Re1 68. Rxc3 Rxe5 69. Rc6 Rh5 70. Rf6 Rh4 71. Kf8 Rh8+ 72. gxh8=Q
1-0

[Event "Sherbrooke Perpetuelles 26-09"]
[Site "Sherbrooke CAN"]
[Date "2003.10.03"]
[Round "2"]
[White "Lafleur, Sebastien"]
[Black "Jolin, Fernand"]
[Result "0-1"]
[WhiteElo "1069"]
[BlackElo "1313"]
[PlyCount "87"]
[EventDate "2003.09.26"]
[EventType "swiss"]
[EventRounds "5"]
[EventCountry "CAN"]
[Source "ChessBase"]
[SourceDate "2007.11.25"]

1. d4 d5 2. c4 dxc4 3. Nc3 e6 4. e4 Bb4 5. Bxc4 Ne7 6. Nf3 O-O 7. O-O Bxc3 8.
bxc3 b6 9. Bf4 Bb7 10. Qc2 Ng6 11. Bg3 Nd7 12. Rad1 a5 13. d5 exd5 14. exd5 Ba6
15. Bxa6 Rxa6 16. d6 c6 17. h4 Re8 18. h5 Nge5 19. Bxe5 Nxe5 20. Nxe5 Rxe5 21.
Qd3 Ra7 22. Qh3 Rd7 23. Qg3 Rxh5 24. Rd4 Rd5 25. Rfd1 Rxd4 26. Rxd4 g6 27. c4
c5 28. Rd5 Qf6 29. a3 Kf8 30. f4 Rxd6 31. Rxd6 Qxd6 32. Qh4 Qd1+ 33. Kh2 h5 34.
Qf6 Qd4 35. Qxb6 Qxf4+ 36. Kh1 Qxc4 37. Qxa5 Qc1+ 38. Kh2 c4 39. Qb4+ Kg7 40.
a4 c3 41. a5 c2 42. a6 Qa1 43. Qd2 c1=Q 44. Qxc1 0-1

[Event "Sherbrooke Perpetuelles 26-09"]
[Site "Sherbrooke CAN"]
[Date "2003.10.03"]
[Round "2"]
[White "Lewis, Claude"]
[Black "Viens, Nicolas"]
[Result "0-1"]
[WhiteElo "1469"]
[BlackElo "1281"]
[PlyCount "90"]
[EventDate "2003.09.26"]
[EventType "swiss"]
[EventRounds "5"]
[EventCountry "CAN"]
[Source "ChessBase"]
[SourceDate "2007.11.25"]

1. e4 c5 2. c3 e6 3. d4 cxd4 4. cxd4 d6 5. Nf3 Nf6 6. Nc3 Be7 7. Bd3 O-O 8. O-O
Re8 9. Bg5 Nbd7 10. Rc1 e5 11. Nb5 Rf8 12. Bb1 Nh5 13. Bxe7 Qxe7 14. Nc7 Rb8
15. Nd5 Qd8 16. Qc2 f6 17. Qc7 Qxc7 18. Rxc7 Nb6 19. Ne7+ Kh8 20. Rfc1 Nf4 21.
Kf1 Re8 22. d5 Bd7 23. Rxd7 Nxd7 24. Nf5 Rbc8 25. Rc3 Rxc3 26. bxc3 Rc8 27. Nd2
Rxc3 28. Nb3 Nc5 29. Ke1 Nxb3 30. axb3 Rc1+ 31. Kd2 Rxb1 32. Kc2 Ra1 33. Nxd6
Kg8 34. Nc4 Kf7 35. g3 Ne2 36. Ne3 Nd4+ 37. Kb2 Ra6 38. f4 Rb6 39. Nc4 Rxb3+
40. Ka2 b5 41. Nd6+ Ke7 42. Nb7 Rc3 43. d6+ Kd7 44. fxe5 fxe5 45. Kb2 b4 0-1

[Event "Sherbrooke Perpetuelles 26-09"]
[Site "Sherbrooke CAN"]
[Date "2003.10.03"]
[Round "2"]
[White "Lopez, Jose"]
[Black "Pilotte, Benoit"]
[Result "1-0"]
[WhiteElo "1664"]
[BlackElo "1649"]
[PlyCount "39"]
[EventDate "2003.09.26"]
[EventType "swiss"]
[EventRounds "5"]
[EventCountry "CAN"]
[Source "ChessBase"]
[SourceDate "2007.11.25"]

1. e4 d6 2. d4 Nf6 3. Nc3 g6 4. Nge2 Bg7 5. Ng3 O-O 6. Be2 h5 7. Bxh5 Nxh5 8.
Nxh5 gxh5 9. Qxh5 f5 10. Bh6 Bxd4 11. Qg6+ Kh8 12. Bxf8 Bxc3+ 13. bxc3 Qxf8 14.
O-O-O fxe4 15. Rd5 e5 16. Qxe4 Qxf2 17. Qg6 Qf4+ 18. Kb2 Bd7 19. Rd3 Qh4 20.
Rg3 1-0

[Event "Sherbrooke Perpetuelles 26-09"]
[Site "Sherbrooke CAN"]
[Date "2003.10.10"]
[Round "3"]
[White "Grenier, Jean-Pierre"]
[Black "Lewis, Claude"]
[Result "0-1"]
[WhiteElo "1619"]
[BlackElo "1469"]
[PlyCount "100"]
[EventDate "2003.09.26"]
[EventType "swiss"]
[EventRounds "5"]
[EventCountry "CAN"]
[Source "ChessBase"]
[SourceDate "2007.11.25"]

1. e4 d6 2. Nf3 Nf6 3. Nc3 g6 4. d4 Bg7 5. Bc4 O-O 6. Be3 c6 7. Qd2 b5 8. Bd3
e5 9. Bh6 exd4 10. Nxd4 Bb7 11. f3 Nbd7 12. Bxg7 Kxg7 13. h4 Ne5 14. Be2 h5 15.
g4 hxg4 16. f4 Nf3+ 17. Nxf3 gxf3 18. Bxf3 b4 19. Ne2 c5 20. Ng3 Re8 21. O-O-O
Nxe4 22. Bxe4 Bxe4 23. Nxe4 Rxe4 24. h5 Rd4 25. Qg2 Rxd1+ 26. Kxd1 Rb8 27. hxg6
fxg6 28. Qh3 Qf6 29. Qd7+ Kf8 30. f5 Qd4+ 31. Kc1 Re8 32. Rd1 Qf4+ 33. Kb1 gxf5
34. Rxd6 Re1+ 35. Rd1 Rxd1+ 36. Qxd1 Qd4 37. Qh1 f4 38. Qa8+ Kf7 39. Qxa7+ Kf6
40. a4 bxa3 41. Qxa3 Qd1+ 42. Ka2 Qd5+ 43. b3 f3 44. Qa6+ Ke5 45. Qf1 Qe4 46.
Qa1+ Kf4 47. Qf6+ Qf5 48. Qh4+ Ke5 49. Qe7+ Kd4 50. Qd6+ Kc3 0-1

[Event "Sherbrooke Perpetuelles 26-09"]
[Site "Sherbrooke CAN"]
[Date "2003.10.10"]
[Round "3"]
[White "Jolin, Fernand"]
[Black "Belanger, Jean Sebastien"]
[Result "0-1"]
[WhiteElo "1313"]
[BlackElo "1425"]
[PlyCount "79"]
[EventDate "2003.09.26"]
[EventType "swiss"]
[EventRounds "5"]
[EventCountry "CAN"]
[Source "ChessBase"]
[SourceDate "2007.11.25"]

1. Nf3 d5 2. d4 Bg4 3. e3 Nf6 4. Be2 e6 5. O-O c5 6. Ne5 Bxe2 7. Qxe2 c4 8. b3
b5 9. a3 Bd6 10. bxc4 dxc4 11. Nc3 a6 12. Qf3 Nbd7 13. Nxd7 Nxd7 14. Ne4 Be7
15. Bb2 O-O 16. Nc3 Bf6 17. Ne4 Be7 18. c3 Nb6 19. Nc5 Bxc5 20. dxc5 Na4 21.
Rfb1 Nxc5 22. Rd1 Qa5 23. e4 Nd3 24. Rd2 Nxb2 25. Rxb2 Rad8 26. Rc2 Rd3 27. Qe2
Rfd8 28. Qe1 Qa4 29. Rcc1 Qb3 30. g3 Rf3 31. Rd1 Rdd3 32. Rxd3 Rxd3 33. Kg2
Rxc3 34. a4 b4 35. a5 h6 36. e5 Rc2 37. Rd1 c3 38. Qe4 Rxf2+ 39. Kxf2 Qxd1 40.
Qxb4 0-1

[Event "Sherbrooke Perpetuelles 26-09"]
[Site "Sherbrooke CAN"]
[Date "2003.10.10"]
[Round "3"]
[White "Morin, Louis2"]
[Black "Morin, Laurent"]
[Result "1-0"]
[WhiteElo "1915"]
[BlackElo "1109"]
[PlyCount "55"]
[EventDate "2003.09.26"]
[EventType "swiss"]
[EventRounds "5"]
[EventCountry "CAN"]
[Source "ChessBase"]
[SourceDate "2007.11.25"]

1. e4 e5 2. Nf3 Nc6 3. Bc4 Nf6 4. d3 Na5 5. Nxe5 Nxc4 6. Nxc4 h6 7. Nc3 Bb4 8.
O-O b5 9. Nxb5 a6 10. Nd4 d5 11. Ne5 Bb7 12. Nec6 Qd6 13. e5 Qc5 14. exf6 Bxc6
15. c3 Bd7 16. a3 Ba5 17. b4 Qxc3 18. Bb2 Qxb2 19. fxg7 Rg8 20. Qe1+ Kd8 21.
Qe5 Bb6 22. Qf6+ Ke8 23. Rfe1+ Be6 24. Rxe6+ Kd7 25. Qxf7+ Kc8 26. Re8+ Kb7 27.
Qxd5+ Ka7 28. Qxa8# 1-0

[Event "Sherbrooke Perpetuelles 26-09"]
[Site "Sherbrooke CAN"]
[Date "2003.10.10"]
[Round "3"]
[White "Pilotte, Benoit"]
[Black "Courteau, Bernard"]
[Result "1-0"]
[WhiteElo "1649"]
[BlackElo "1727"]
[PlyCount "107"]
[EventDate "2003.09.26"]
[EventType "swiss"]
[EventRounds "5"]
[EventCountry "CAN"]
[Source "ChessBase"]
[SourceDate "2007.11.25"]

1. e4 c5 2. Nc3 a6 3. d3 Nc6 4. f4 d6 5. Be3 g6 6. Nf3 Bg7 7. Be2 Nf6 8. h3 Nd7
9. g4 b5 10. Qc1 Bb7 11. a3 e6 12. f5 Nd4 13. fxe6 fxe6 14. Na2 O-O 15. Rf1 Qe7
16. Bg5 Bf6 17. Bxf6 Rxf6 18. g5 Rf7 19. Nxd4 cxd4 20. Qd2 Rd8 21. O-O-O d5 22.
Rxf7 Kxf7 23. exd5 Bxd5 24. Nb4 Bb7 25. Bg4 Nc5 26. Kb1 a5 27. Na2 Qc7 28. Qf2+
Kg8 29. Qf6 Bd5 30. Rf1 e5 31. b4 Nb7 32. Be6+ Bxe6 33. Qxe6+ Kh8 34. Rf7 Qd6
35. Qxd6 Nxd6 36. Re7 Re8 37. Rd7 Nf5 38. bxa5 Ra8 39. Rd5 Rxa5 40. Kb2 Ne3 41.
Rxe5 Nd1+ 42. Kb3 Nf2 43. Kb4 Ra8 44. h4 Rc8 45. Rc5 Rf8 46. Kxb5 Rf4 47. Nb4
Rxh4 48. a4 Rh1 49. a5 Ra1 50. a6 Nd1 51. Rc8+ Kg7 52. Kb6 Nc3 53. a7 Na4+ 54.
Kc6 1-0

[Event "Sherbrooke Perpetuelles 26-09"]
[Site "Sherbrooke CAN"]
[Date "2003.10.10"]
[Round "3"]
[White "Saziouk, Alexandre"]
[Black "Lopez, Jose"]
[Result "0-1"]
[WhiteElo "1749"]
[BlackElo "1664"]
[PlyCount "95"]
[EventDate "2003.09.26"]
[EventType "swiss"]
[EventRounds "5"]
[EventCountry "CAN"]
[Source "ChessBase"]
[SourceDate "2007.11.25"]

1. d4 Nf6 2. c4 g6 3. Nc3 Bg7 4. Nf3 d6 5. e4 O-O 6. Bg5 Bg4 7. Be2 Nbd7 8. Qd2
c5 9. d5 Ne8 10. h4 f5 11. Nh2 Bxe2 12. Nxe2 fxe4 13. Nf4 Nc7 14. Ng4 Nf6 15.
Nh6+ Kh8 16. O-O-O Qd7 17. h5 Nxh5 18. Nxh5 gxh5 19. Rxh5 b5 20. Qe2 bxc4 21.
Qxe4 Qb5 22. Rd2 c3 23. bxc3 Rab8 24. Nf7+ Kg8 25. Qxh7+ Kxf7 26. Bh6 Ke8 27.
Bxg7 Rf7 28. Qg6 Kd7 29. Bh8 Qf1+ 30. Rd1 Qxf2 31. Qc2 Qg3 32. Rh3 Qg5+ 33. Qd2
Qg6 34. Qc2 Qxc2+ 35. Kxc2 Rf2+ 36. Rd2 Rxd2+ 37. Kxd2 Rb2+ 38. Kd3 Rxg2 39.
Rh7 Nxd5 40. Kc4 Nb6+ 41. Kb3 c4+ 42. Ka3 Re2 43. Bf6 Re3 44. Rf7 Re6 45. Bd4
Nc8 46. Rf4 d5 47. Rf5 Rd6 48. Be5 0-1

[Event "Sherbrooke Perpetuelles 26-09"]
[Site "Sherbrooke CAN"]
[Date "2003.10.10"]
[Round "3"]
[White "Viens, Nicolas"]
[Black "Denomme, Michael"]
[Result "1-0"]
[WhiteElo "1281"]
[BlackElo "1247"]
[PlyCount "35"]
[EventDate "2003.09.26"]
[EventType "swiss"]
[EventRounds "5"]
[EventCountry "CAN"]
[Source "ChessBase"]
[SourceDate "2007.11.25"]

1. d4 c5 2. Nf3 d5 3. Nc3 e5 4. Nxe5 Be6 5. e3 a6 6. g3 c4 7. Bg2 Bb4 8. O-O
Bxc3 9. bxc3 g6 10. Re1 Nc6 11. Nxc6 bxc6 12. e4 f6 13. exd5 cxd5 14. Rxe6+ Kf7
15. Qe2 h5 16. Rb1 Rb8 17. Rxb8 Qxb8 18. Bxd5 1-0

[Event "Sherbrooke Perpetuelles 26-09"]
[Site "Sherbrooke CAN"]
[Date "2003.10.17"]
[Round "4"]
[White "Belanger, Jean Sebastien"]
[Black "Viens, Nicolas"]
[Result "1-0"]
[WhiteElo "1425"]
[BlackElo "1281"]
[PlyCount "67"]
[EventDate "2003.09.26"]
[EventType "swiss"]
[EventRounds "5"]
[EventCountry "CAN"]
[Source "ChessBase"]
[SourceDate "2007.11.25"]

1. e4 e5 2. Nf3 Nc6 3. Bc4 Be7 4. Nc3 d6 5. Nd5 Bg4 6. c3 Na5 7. Qa4+ c6 8.
Nxe7 Nxe7 9. Be2 O-O 10. b4 b5 11. Qxa5 Qd7 12. O-O Ng6 13. d4 Nf4 14. Bxf4
exf4 15. Rfe1 Rab8 16. Nd2 Be6 17. a4 a6 18. axb5 axb5 19. Qa3 Qb7 20. Qb2 d5
21. exd5 cxd5 22. Ra5 Bd7 23. Rea1 Qc8 24. Nb1 Re8 25. Na3 h6 26. Bxb5 Bxb5 27.
Rxb5 Ra8 28. Rxd5 f6 29. h3 g5 30. Nc2 g4 31. Rxa8 Qxa8 32. Qb3 Kg7 33. Rd7+
Kf8 34. Qf7# 1-0

[Event "Sherbrooke Perpetuelles 26-09"]
[Site "Sherbrooke CAN"]
[Date "2003.10.17"]
[Round "4"]
[White "Courteau, Bernard"]
[Black "Lopez, Jose"]
[Result "1/2-1/2"]
[WhiteElo "1727"]
[BlackElo "1664"]
[PlyCount "102"]
[EventDate "2003.09.26"]
[EventType "swiss"]
[EventRounds "5"]
[EventCountry "CAN"]
[Source "ChessBase"]
[SourceDate "2007.11.25"]

1. e4 c5 2. Nf3 d6 3. d4 cxd4 4. Nxd4 Nf6 5. Nc3 a6 6. f3 e5 7. Nb3 Be7 8. Be3
Be6 9. Qd2 Nbd7 10. Bd3 Qc7 11. Qf2 d5 12. exd5 Bxd5 13. O-O-O b5 14. Nxd5 Nxd5
15. Bxb5 axb5 16. Rxd5 O-O 17. Rhd1 Nf6 18. Rxb5 Rxa2 19. Bb6 Qc6 20. Ra5 Rxa5
21. Bxa5 Nd5 22. Qd2 Rc8 23. Kb1 Nb4 24. Bxb4 Bxb4 25. c3 Bf8 26. Qd5 Qg6+ 27.
Rd3 Qxg2 28. Qxe5 g6 29. Qg3 Qf1+ 30. Kc2 Ra8 31. h4 Re8 32. h5 Qe2+ 33. Rd2
Qb5 34. hxg6 hxg6 35. Nd4 Qa4+ 36. Kb1 Ra8 37. Nc2 Bh6 38. Qh2 Bxd2 39. Qxd2
Qa2+ 40. Kc1 Rb8 41. Nb4 Qa1+ 42. Kc2 Re8 43. Qd1 Qa4+ 44. b3 Qa7 45. Qd2 Qc5
46. Nd5 Re6 47. Nf4 Qf5+ 48. Kb2 Rf6 49. Nd5 Re6 50. Nc7 Qxf3 51. Nxe6 fxe6
1/2-1/2

[Event "Sherbrooke Perpetuelles 26-09"]
[Site "Sherbrooke CAN"]
[Date "2003.10.17"]
[Round "4"]
[White "Denomme, Michael"]
[Black "Jolin, Fernand"]
[Result "0-1"]
[WhiteElo "1247"]
[BlackElo "1313"]
[PlyCount "64"]
[EventDate "2003.09.26"]
[EventType "swiss"]
[EventRounds "5"]
[EventCountry "CAN"]
[Source "ChessBase"]
[SourceDate "2007.11.25"]

1. d4 d5 2. Bf4 Nf6 3. Nc3 e6 4. e3 Bb4 5. Nge2 Ne4 6. a3 Nxc3 7. bxc3 Bd6 8.
Bxd6 Qxd6 9. Nf4 O-O 10. c4 dxc4 11. Bxc4 c6 12. O-O b5 13. Bd3 Nd7 14. Nh5 g6
15. Qg4 e5 16. Qg3 Kh8 17. dxe5 Qxe5 18. Nf4 Qf6 19. Nh3 Ne5 20. f4 Nxd3 21.
cxd3 Qf5 22. e4 Qc5+ 23. Kh1 Bxh3 24. Qxh3 f5 25. e5 Rad8 26. Qh6 Rxd3 27. Rfc1
Rfd8 28. h3 Qd5 29. Qg5 Rxh3+ 30. Kg1 Qd4+ 31. Kf1 Rh1+ 32. Ke2 Qd2+ 0-1

[Event "Sherbrooke Perpetuelles 26-09"]
[Site "Sherbrooke CAN"]
[Date "2003.10.17"]
[Round "4"]
[White "Lewis, Claude"]
[Black "Boutin, Andre"]
[Result "0-1"]
[WhiteElo "1469"]
[BlackElo "1474"]
[PlyCount "112"]
[EventDate "2003.09.26"]
[EventType "swiss"]
[EventRounds "5"]
[EventCountry "CAN"]
[Source "ChessBase"]
[SourceDate "2007.11.25"]

1. e4 Nf6 2. e5 Nd5 3. d4 d6 4. c4 Nb6 5. f4 dxe5 6. fxe5 Nc6 7. Nf3 Bf5 8. a3
e6 9. Be2 Be7 10. O-O O-O 11. Be3 f6 12. Nc3 fxe5 13. Nxe5 Nxe5 14. dxe5 Qxd1
15. Raxd1 Rfd8 16. b4 c6 17. h3 Rxd1 18. Rxd1 Rd8 19. Rxd8+ Bxd8 20. Bc5 Bg5
21. Kf2 Bc1 22. a4 Bb2 23. a5 Bxc3 24. axb6 axb6 25. Bd6 Bg6 26. Ke3 Be8 27.
Bf3 Kf7 28. g4 Bd7 29. Be4 Bc8 30. Kd3 Be1 31. Ke2 Bh4 32. Kf3 g6 33. Ke2 Be7
34. Kd3 Bxd6 35. exd6 c5 36. b5 Ke8 37. Bf3 Kd7 38. Ke4 Kxd6 39. Kf4 h6 40. Ke4
e5 41. Be2 Be6 42. Kd3 h5 43. Ke4 hxg4 44. hxg4 g5 45. Kd3 Bf7 46. Bf3 e4+ 47.
Bxe4 Ke5 48. Bf5 Kf4 49. Bc8 Bg6+ 50. Ke2 Be4 51. Be6 Bf3+ 52. Kf2 Bxg4 53. Bd5
Ke5 54. Kg3 Be6 55. Bxe6 Kxe6 56. Kg4 Ke5 0-1

[Event "Sherbrooke Perpetuelles 26-09"]
[Site "Sherbrooke CAN"]
[Date "2003.10.17"]
[Round "4"]
[White "Pilotte, Benoit"]
[Black "Duclos, Alain"]
[Result "1-0"]
[WhiteElo "1649"]
[BlackElo "1624"]
[PlyCount "51"]
[EventDate "2003.09.26"]
[EventType "swiss"]
[EventRounds "5"]
[EventCountry "CAN"]
[Source "ChessBase"]
[SourceDate "2007.11.25"]

1. d4 Nf6 2. Bg5 e6 3. e4 h6 4. Bxf6 Qxf6 5. Nc3 d6 6. Nf3 Nd7 7. Nb5 Qd8 8. e5
a6 9. Nc3 d5 10. Be2 c5 11. O-O b5 12. a3 Qb6 13. dxc5 Bxc5 14. b4 Be7 15. Qd3
Bb7 16. Rfb1 Rc8 17. a4 Qc7 18. axb5 Qxc3 19. bxa6 Ba8 20. b5 Bc5 21. Qxc3
Bxf2+ 22. Kxf2 Rxc3 23. b6 Bc6 24. Nd4 Nxe5 25. Nxc6 Nxc6 26. a7 1-0

[Event "Sherbrooke Perpetuelles 26-09"]
[Site "Sherbrooke CAN"]
[Date "2003.10.24"]
[Round "5"]
[White "Belanger, Jean Sebastien"]
[Black "Lewis, Claude"]
[Result "0-1"]
[WhiteElo "1425"]
[BlackElo "1469"]
[PlyCount "66"]
[EventDate "2003.09.26"]
[EventType "swiss"]
[EventRounds "5"]
[EventCountry "CAN"]
[Source "ChessBase"]
[SourceDate "2007.11.25"]

1. Nc3 d6 2. e4 e5 3. Bc4 Nf6 4. Nf3 Bg4 5. h3 Bh5 6. Nxe5 dxe5 7. g4 Bg6 8. d3
Nc6 9. a3 Qd7 10. f4 h6 11. f5 Bh7 12. h4 O-O-O 13. g5 Ne8 14. g6 Bg8 15. h5 f6
16. Bxg8 Rxg8 17. Be3 Nd4 18. Rh3 Bc5 19. Qd2 Nd6 20. O-O-O N6b5 21. Bxh6 Nxc3
22. Bxg7 Rxg7 23. Re1 Nde2+ 24. Rxe2 Nxe2+ 25. Qxe2 Bf8 26. h6 Rxg6 27. h7 Bh6+
28. Kb1 Rg1+ 29. Ka2 Qxh7 30. Qh2 Qf7+ 31. b3 Rdg8 32. Rxh6 R1g2 33. Qh4 Rxc2+
0-1

[Event "Sherbrooke Perpetuelles 26-09"]
[Site "Sherbrooke CAN"]
[Date "2003.10.24"]
[Round "5"]
[White "Duclos, Alain"]
[Black "Courteau, Bernard"]
[Result "1-0"]
[WhiteElo "1624"]
[BlackElo "1727"]
[PlyCount "68"]
[EventDate "2003.09.26"]
[EventType "swiss"]
[EventRounds "5"]
[EventCountry "CAN"]
[Source "ChessBase"]
[SourceDate "2007.11.25"]

1. e4 c5 2. Nf3 d6 3. d4 cxd4 4. Nxd4 Nf6 5. Nc3 a6 6. Be3 Ng4 7. Bg5 h6 8. Bh4
g5 9. Bg3 Bg7 10. Nb3 Nc6 11. Be2 Nge5 12. Qd2 Be6 13. O-O Rc8 14. Nd5 b5 15.
c3 f6 16. Nd4 Bf7 17. Bh5 O-O 18. Bxf7+ Rxf7 19. Ne6 Qe8 20. f4 Nc4 21. Qe2 Nd8
22. Nxg7 Rxg7 23. b3 Na5 24. f5 Nac6 25. Bxd6 Nf7 26. Bg3 Nfe5 27. a4 Na7 28.
Bxe5 fxe5 29. f6 Rf7 30. Nxe7+ Rxe7 31. fxe7 Qxe7 32. Rf3 Qe6 33. Qf2 Rc7 34.
Rf1 Qxb3 1-0

[Event "Sherbrooke Perpetuelles 26-09"]
[Site "Sherbrooke CAN"]
[Date "2003.10.24"]
[Round "5"]
[White "Jolin, Fernand"]
[Black "Beaudry, Marc-Andre"]
[Result "1/2-1/2"]
[WhiteElo "1313"]
[BlackElo "1425"]
[PlyCount "106"]
[EventDate "2003.09.26"]
[EventType "swiss"]
[EventRounds "5"]
[EventCountry "CAN"]
[Source "ChessBase"]
[SourceDate "2007.11.25"]

1. Nf3 d5 2. g3 Nc6 3. d4 e6 4. Bg2 Bd6 5. Nc3 a6 6. O-O Nge7 7. e3 O-O 8. a3
Ng6 9. b4 b5 10. e4 dxe4 11. Nxe4 a5 12. Nxd6 Qxd6 13. c3 Bb7 14. Be3 Nce7 15.
h4 Nd5 16. Qd2 Nxe3 17. Qxe3 Rab8 18. bxa5 Ne7 19. Qe5 Qd7 20. Qc5 f6 21. Rfb1
Bc6 22. Rb2 Be4 23. Ne5 fxe5 24. Bxe4 exd4 25. cxd4 c6 26. Rab1 Rfd8 27. Rb4
Nd5 28. Bxd5 exd5 29. a4 Rf8 30. axb5 cxb5 31. Rxb5 Rbc8 32. Qxd5+ Qxd5 33.
Rxd5 Rc2 34. f4 Ra2 35. Rdb5 Kf7 36. R1b2 Ra1+ 37. Kg2 Re8 38. Kf3 h6 39. Rb7+
Kg6 40. Ra7 Ra3+ 41. Kf2 Ree3 42. g4 Rf3+ 43. Ke2 Rh3 44. h5+ Kh7 45. Rab7 Rxa5
46. f5 Raa3 47. f6 Rh2+ 48. Kd1 Ra1+ 49. Rb1 Rxb1+ 50. Rxb1 gxf6 51. Rb7+ Kg8
52. d5 Rg2 53. Rb4 Kf7 1/2-1/2